000
00326nam a2200133Ia 4500
008
220216s9999 xx 000 0 und d
100
_a
Ambily K.K.
245
0
_a
Pradeshika vyathiyanangalum rubber uthpathanavum
260
_b
Rubber
_c
2009
300
_a
14-15.
700
_a
Meena S.
700
_a
Nair N. Usha
942
_c
ML
999
_c
72894
_d
72894